000 01306nam a22003617a 4500
001 0006386
003 KOHA_MİRAKIL
005 20260207001522.0
007 ta
008 110307b1994 tu a|||gr||||#||||0|tur |
020 _a9751905850
_c0,01
040 _aTR-BiSEU
_btur
_cTR-BiSEU
_erda
041 0 _atur
044 _ctu
050 _aCD2267
_b.O86 1994
240 1 0 _aOttoman fermans
_lTürkçe
245 0 _aOsmanlı fermanları =
_bOttoman fermans/
_cProje yöneticisi İ. Binark.
264 1 _aAnkara :
_bT.C. Başbakanlık Devlet Arşivleri Genel Müdürlüğü
_c1994
300 _axxx, 177 sayfa: resimli
336 _ametin
_btxt
_2rdacontent
337 _aaracısız
_bn
_2rdamedia
338 _acilt
_bnc
_2rdacarrier
490 1 _aT.C.
490 1 _aBaşbakanlık Devlet Arşivleri Genel Müdürlüğü Osmanlı Arşivi Daire Başkanlığı ;
_vyayın nu : 19.
500 _aText in Turkish and English.
500 _aKaynakça var.
650 0 _aBaşbakanlık Osmanlı Arşivi (Turkey).
_915933
650 0 _aManuscripts, Turkish.
_915934
650 0 _aTurkey--History--Ottoman Empire, 1288-1918.
_94433
830 1 _aT.C.
_96297
830 1 _aBaşbakanlık Devlet Arşivleri Genel Müdürlüğü Osmanlı Arşivi Daire Başkanlığı ;
_vyayın nu : 19.
_915935
942 _2lcc
_cBK
999 _c6367
_d6367